000 00349pab a2200157 454500
008 180718b1999 xxu||||| |||| 00| 0 eng d
100 _aSahay, S.
245 _aConstitutional morality
260 _c1999
300 _ap.9
362 _a9 Mar
650 _aIndia - Constitution
650 _aConstitutions
773 _aPioneer
909 _a40902
999 _c40902
_d40902